Name every country to play Brazil at the Football World Cup - Statistics

General Stats
  • This quiz has been taken 655 times
  • The average score is 35 of 46
Answer Stats
Number of Times played Answer % Correct
4 Argentina
97%
2 Germany
96%
4 France
93%
2 Portugal
93%
5 Italy
92%
5 Mexico
91%
5 Spain
91%
4 England
90%
1 United States
90%
2 Uruguay
90%
4 Chile
88%
3 Russia
88%
7 Sweden
88%
1 Japan
87%
5 Netherlands
87%
3 Croatia
86%
2 Belgium
85%
1 Colombia
85%
1 Australia
84%
3 Cameroon
81%
1 Norway
80%
4 Poland
80%
3 Switzerland
80%
2 Austria
79%
1 Denmark
79%
2 Turkey
78%
2 Peru
77%
1 China
75%
4 Scotland
75%
3 Costa Rica
74%
2 Hungary
73%
1 Ghana
69%
1 North Korea
69%
4 Yugoslavia
68%
1 Algeria
67%
1 Bulgaria
66%
1 Wales
66%
1 Bolivia
65%
1 Romania
64%
1 Morocco
63%
1 Ivory Coast
61%
1 New Zealand
59%
5 Czechoslovakia
57%
1 Zaire
55%
1 Northern Ireland
47%
1 East Germany
36%
No matching quizzes found
Score Distribution
Percent of People with Each Score
Percentile by Number Answered
Your Score History
You have not taken this quiz